00310pab a2200121 454500008004000000100001900040245006900059260000900128300001400137362000800151650001000159773001900169180718b2004 xxu||||| |||| 00| 0 eng d aMares, Isabela aWage bargaining in the presence of social services and transfers c2004 ap.99-142. aOct aWages aWorld Politics